000 00561cam a22002052 4500
001 0000003466
005 20151217155822.0
008 070507s xx 000 0 eng d
020 _a9966462619 :
_cKES 400
040 _aKABU
_cKABU
050 0 _aKSK442
_b.H87
100 1 _aHussain, Ashiq.
_@0000149947
245 1 0 _aAid to passing C. P. A. Section 1 Law 1.
260 _aNairobi :
_bEAEP,
_c1985.
300 _a224 p.
650 0 _aLaw
_zKenya.
_@0000153410
908 _a070507
950 _@1
999 _c12847
_d12847